[Event "Interpolis"]
[Site "Tilburg"]
[Date "1986.11.01"]
[Round "11"]
[White "Karpov, Anatoly"]
[Black "Beliavsky, Alexander G"]
[Result "0-1"]
[WhiteElo "2705"]
[BlackElo "2585"]
[PlyCount "72"]
[EventDate "1986.10.19"]
[EventType "tourn"]
[EventRounds "14"]
[EventCountry "NED"]
[EventCategory "15"]
[SourceTitle "CBM 003"]
[Source "ChessBase"]
[SourceDate "1988.04.01"]
[SourceVersion "1"]
[SourceVersionDate "1988.04.01"]
[SourceQuality "1"]

1. d4 d5 2. c4 e6 3. Nc3 Nf6 4. cxd5 exd5 5. Bg5 Be7 6. e3 c6 7. Bd3 Nbd7 8. Nf3 O-O 9. O-O Re8 10. Qc2 Nf8 11. h3 Be6 12. Bf4 Bd6 ({RR} 12... N6d7 13. Rab1 a5 14. a3 Rc8 15. Rfc1 b5 16. a4 b4 17. Ne2 Qb6 18. Qd1 Red8 19. Bh2 Nf6 20. b3 Ne4 21. Rc2 Nd7 22. Rbc1 c5 23. dxc5 Ndxc5 24. Nfd4 Bh4 25. Nf4 Nxd3 26. Nxd3 Nc3 27. Qf3 {Sadhwani,R (2676)-Kuzubov,Y (2600) Samarkand UZB 2025 ½-½ (42)}) ({RR} 12... Rc8 13. Rad1 Bd6 14. a3 Qc7 15. Bxd6 Qxd6 16. b4 a6 17. Na4 Rcd8 18. Nc5 Bc8 19. a4 Ng6 20. Ra1 Qe7 21. b5 axb5 22. axb5 Ne4 23. Rfc1 Qf6 24. bxc6 Qxc6 25. Rab1 Qf6 26. Nxe4 dxe4 27. Bxe4 {Navara,D (2657)-Shubhi Gupta (2187) chess.com INT 2025 1-0 (35)}) 13. Bxd6 Qxd6 14. a3 Qe7 $146 ({RR} 14... a6 15. b4 h6 16. Na4 Rac8 17. Ne5 Rc7 18. f4 Bc8 19. Nc5 Rce7 20. Rae1 Qc7 21. g4 Ne4 22. Nxe4 dxe4 23. Bc4 Be6 24. Bxe6 Rxe6 25. d5 Rxe5 26. fxe5 Qxe5 27. dxc6 bxc6 28. Qf2 Re7 29. Rc1 {Perkampus,L (2051)-Fox,A (1936) Dublin 2022 ½-½ (61)}) ({RR} 14... a6 15. b4 h6 16. Na4 Rac8 17. Ne5 Rc7 18. f4 Bc8 19. Nc5 Rce7 20. Rae1 Qc7 21. g4 Ne4 22. Nxe4 dxe4 23. Bc4 Be6 24. Bxe6 Rxe6 25. d5 Rxe5 26. fxe5 Qxe5 27. dxc6 bxc6 28. Qf2 Re7 29. Rc1 {Perkampus,L (2051)-Fox,A (1936) Dublin 2022 ½-½ (61)}) 15. b4 Rac8 16. Rfc1 N6d7 17. Ne2 Ng6 18. Ng3 Ndf8 19. Nd2 Nh4 20. Nb3 Qg5 21. Kh2 Rc7 22. Nc5 Bc8 23. Re1 g6 24. Rac1 h5 25. b5 Nxg2 26. Kxg2 h4 27. bxc6 hxg3 28. fxg3 Rxe3 29. Rxe3 Qxe3 30. cxb7 Bxb7 31. Qc3 Rxc5 32. Qxc5 Qxd3 33. Qc3 Qe2+ 34. Kg1 Ne6 35. Re1 Nxd4 36. Kh1 Nb5 0-1

[Event "Cannes m"]
[Site "Cannes"]
[Date "2000.02.23"]
[Round "1"]
[White "Bacrot, Etienne"]
[Black "Karpov, Anatoly"]
[Result "1/2-1/2"]
[WhiteElo "2594"]
[BlackElo "2696"]
[Annotator "Bacrot,Etienne"]
[PlyCount "91"]
[EventDate "2000.02.23"]
[EventType "match"]
[EventRounds "2"]
[EventCountry "FRA"]
[SourceTitle "CBM 076"]
[Source "ChessBase"]
[SourceDate "2000.05.31"]
[SourceVersion "1"]
[SourceVersionDate "2000.05.31"]
[SourceQuality "1"]

1. d4 Nf6 2. c4 e6 3. Nc3 d5 {Une petite surprise puisque Karpov joue généralement 3...Fb4} 4. cxd5 exd5 5. Bg5 Be7 6. e3 c6 7. Qc2 Nbd7 8. Bd3 O-O 9. Nf3 Re8 10. O-O-O Nf8 11. h4 $5 {J'ai décidé de jouer cette variante peu connue,il faudrait plusieurs parties à haut niveau pour bien comprendre la position. Les blancs n'ont pas d'idée claire alors que les noirs préparent l'avance c6-c5. Le coup h4 sert à éviter un éventuel Cf6-e4.} Be6 ({RR} 11... a5 12. Kb1 a4 13. a3 Qa5 14. Ne5 Ng4 15. Nf3 Nf6 16. Rc1 Be6 17. Ne5 N6d7 18. f4 f6 19. f5 Nxe5 20. dxe5 Bxf5 21. Bxf5 fxg5 22. hxg5 g6 23. Bxg6 Nxg6 24. Rh6 Bf8 25. Rxg6+ hxg6 26. Qxg6+ {Gareyev,T (2588)-Garcia Pantoja,R (2529) Sao Paulo 2019 1-0 (37)}) ({RR} 11... c5 12. h5 Be6 13. h6 g6 14. Ne5 c4 15. Be2 b5 16. g4 b4 17. Na4 Rc8 18. f4 b3 19. Qb1 Ne4 20. Bxe7 Qxe7 21. Nc3 Nf2 22. f5 Nxh1 23. fxe6 Nxe6 24. Rxh1 Qg5 25. Kd2 Nxd4 26. Rh3 {Conde,A (2004)-Fedunov,D (1917) chess.com INT 2025 0-1}) 12. Kb1 {J'ai besoin de mettre le roi à l'abri, anticipant l'ouverture de la colonne "c".} Rc8 13. Ka1 $146 {C'était peut être le moment de jouer quelque chose de plus actif mais je préfère continuer les mesures prophylactiques.} (13. h5 h6 14. Bxf6 Bxf6 15. Bf5 c5 $13) (13. Rdg1 c5 14. Bxf6 Bxf6 15. g4 $13) ({RR} 13. Rhg1 c5 14. Bf5 cxd4 15. Nxd4 Bb4 16. Bxe6 fxe6 17. Rd3 N8d7 18. Nde2 h6 19. Bxf6 Qxf6 20. Rd4 Bd6 21. Rf1 Be5 22. Rg4 b5 23. Qd3 Bxc3 24. Rf4 Ne5 {0-1 (24) Vogel,R (2457)-Karthikeyan,M (2611) Sitges 2019}) ({RR} 13. h5 a6 14. Ne5 c5 15. f4 cxd4 16. exd4 b5 17. Qf2 b4 18. Ne2 Ne4 19. Bxe4 dxe4 20. Bxe7 Rxe7 21. d5 Bxd5 22. Qd4 f6 23. Qxd5+ Qxd5 24. Rxd5 fxe5 25. fxe5 Rce8 26. Rd4 a5 27. Rxe4 Rxe5 {Miletic,V (1887)-Lacrosse,M (2138) Niksic 2018 ½-½ (52)}) 13... a6 {13...c5 direct est également intéressant mais les noirs contrôlent d'abord la case b5.} 14. Qb1 (14. Bxf6 Bxf6 15. Ng5 h6 16. Nxe6 Nxe6 17. g4 Bxh4 18. f4 {Les blancs ont certaines compensations pour le pion.}) 14... b5 15. Rc1 ({Une autre possibilité est} 15. Nd2 c5 16. dxc5 Bxc5 17. Nb3 $13) 15... h6 16. Bf4 (16. Bxf6 Bxf6 17. Ne2 {mérite l'attention.}) 16... c5 17. dxc5 Bxc5 18. Nd4 Bd7 {Ce coup prépare Cf8-e6 pour faire pression sur d4.} 19. f3 {Ce coup défend "e4" et prépare g2-g4 mais affaiblit la case "e3".} Qb6 (19... Nh5 20. Bh2 Rxe3 21. Nb3 $14) 20. Rhd1 Bxd4 $5 ({Après} 20... b4 21. Nce2 Nh5 (21... Ne6 $6 22. Nxe6 $14) 22. Bh2 Rxe3 23. Bg1 {Les blancs ont des compensations grâce à l'avance g4-g5.}) 21. exd4 b4 22. Ne2 Bb5 23. Rxc8 Rxc8 24. g4 Re8 $1 25. Nc1 h5 $1 {"Le meilleur coup de la partie" dit Karpov. En effet, ce coup affaiblit la structure blanche à l'aile roi et les noirs prennent l'initiative.} 26. g5 N6d7 (26... Bxd3 $5) 27. Bf5 {Les noirs voulaient échanger les fous et jouer sur les cases blanches.} Ng6 28. Bxg6 {Il n'y a pas de choix. Si 28.Fg3 Te3! gagne un pion.} Qxg6 {Je pense que 28...fxg6 est la meilleure chance de prendre l'avantage. Karpov ,à court de temps, décide de poser quelques problèmes sans prendre de risques.} (28... fxg6 29. Qc2 Rf8 30. Qd2 Qe6) 29. Qxg6 fxg6 30. Bd2 a5 31. Nb3 {Il ne faut pas permettre la maneuvre Cb8-c6.} (31. Re1 Rxe1 32. Bxe1 Nb8 $15) 31... a4 (31... Ba4 $5 32. Re1 Rxe1+ 33. Bxe1 Bxb3 34. axb3 Nb8 35. Kb1 Nc6 36. Bf2 Ne7 37. Kc2 Nf5 {Lors de l'analyse "post mortem", nous avons conclu que les noirs n'ont pas de gain. La seule idée est de jouer le roi en b5 et pousser "a4", les blancs doivent simplement être en mesure de jouer "Rc2" après l'échange de pions en "a4" et c'est nul.}) 32. Nc5 b3 33. Re1 Rxe1+ 34. Bxe1 Nxc5 35. dxc5 Bd3 36. axb3 axb3 37. c6 {Heureusement le pion "c" est là pour donner de l'air au roi blanc. Avec les fous de couleurs opposés, la nulle est évidente.} Kf7 38. c7 Bf5 39. Bc3 Ke7 40. c8=Q Bxc8 41. Kb1 Ke6 42. Kc1 Kf5 43. Kd2 Kf4 44. Ke2 Kg3 45. Be1+ Kg2 46. Ke3 1/2-1/2

[Event "Mar del Plata Clarin Masters"]
[Site "Mar del Plata"]
[Date "1982.02.??"]
[Round "?"]
[White "Polugaevsky, Lev"]
[Black "Karpov, Anatoly"]
[Result "1/2-1/2"]
[WhiteElo "2600"]
[BlackElo "2720"]
[PlyCount "31"]
[EventDate "1982.02.??"]
[EventType "tourn"]
[EventRounds "13"]
[EventCountry "ARG"]
[EventCategory "13"]
[SourceTitle "MCL"]
[Source "ChessBase"]
[SourceDate "1999.07.01"]
[SourceVersion "1"]
[SourceVersionDate "1999.07.01"]
[SourceQuality "1"]

1. d4 d5 2. c4 e6 3. Nc3 Nf6 4. Nf3 Be7 5. cxd5 exd5 6. Bg5 c6 7. Qc2 g6 8. e3 Bf5 9. Bd3 Bxd3 10. Qxd3 O-O 11. O-O Nbd7 12. a3 Re8 ({RR} 12... a5 13. Qc2 Re8 14. Nd2 {½-½ (14) Agdestein,S (2585)-Hansen,C (2615) Reykjavik 1996}) ({RR} 12... a5 13. Qc2 Re8 14. Rad1 Ne4 15. Nxe4 dxe4 16. Bxe7 Qxe7 17. Nd2 Nf6 18. Qc5 a4 19. Qxe7 Rxe7 20. Nb1 Ra5 21. Nc3 Kg7 22. Rd2 Nd7 23. d5 c5 24. d6 Re6 25. Rfd1 f5 26. Kf1 b5 {½-½ (26) Melikhov,E (2138)-Markidis,K (2291) Thessaloniki GRE 2025}) 13. b4 a6 14. Qc2 $146 ({RR} 14. Rfb1 Ne4 15. Bxe7 Qxe7 16. a4 b5 17. Qc2 Nd6 18. Ne1 Nc4 19. Nd3 Nf6 20. Nc5 Ng4 21. Nd1 Qh4 22. h3 Nh6 23. Ra2 Nf5 24. Rba1 Rac8 25. Nxa6 Nxd4 26. exd4 Re1+ 27. Kh2 Qf4+ 28. g3 Qf3 {Kashlinskaya,A (2031)-Nechaeva,M (2261) Kolontaevo 2005 0-1}) ({RR} 14. Nd2 Nh5 15. Bxe7 Qxe7 16. Nb3 f5 17. Rae1 Nb6 18. Nd2 Nc8 19. Nf3 Nd6 20. Ne5 Nf6 21. f3 Rad8 22. Rb1 Nd7 23. f4 Nxe5 24. fxe5 Ne4 25. Nxe4 dxe4 26. Qb3+ Rd5 27. Rbc1 Kg7 28. Rc5 Red8 {Berescu,A (2516)-Nevednichy,V (2553) Baia Sprie 2012 ½-½ (31)}) 14... Nb6 15. Bxf6 Bxf6 16. Nd2 1/2-1/2

[Event "Sukhumi op"]
[Site "Sukhumi"]
[Date "2006.08.11"]
[Round "8"]
[White "Idrisova, Roza"]
[Black "Karpov, Alexander"]
[Result "0-1"]
[WhiteElo "2081"]
[BlackElo "2365"]
[PlyCount "60"]
[EventDate "2006.08.04"]
[EventType "swiss"]
[EventRounds "9"]
[EventCountry "GEO"]
[SourceTitle "EXT 2011"]
[Source "ChessBase"]
[SourceDate "2010.11.26"]
[SourceVersion "1"]
[SourceVersionDate "2010.11.26"]
[SourceQuality "1"]

1. d4 d5 2. c4 e6 3. Nc3 c6 4. cxd5 exd5 5. Nf3 Nf6 6. Bg5 Be7 7. Qc2 g6 8. e3 Bf5 9. Qb3 Qb6 10. Nd2 ({RR} 10. Be2 Ne4 11. Bxe7 Qxb3 12. axb3 Kxe7 13. b4 Nd7 14. b5 Nxc3 15. bxc3 Rhc8 16. Kd2 Nf6 17. Bd3 Bxd3 18. Kxd3 cxb5 19. Nd2 Rc7 20. f3 a6 21. e4 Rac8 22. Ra3 Nd7 23. exd5 Nb6 24. d6+ Kxd6 {Aradhya,G (2429)-Nguyen Ngoc Truong Son (2600) chess.com INT 2026 0-1 (81)}) 10... Nbd7 11. h3 ({RR} 11. Be2 O-O 12. O-O Rfe8 13. Bf4 Bf8 14. h3 h5 15. Rfc1 a5 16. Qxb6 Nxb6 17. Bc7 Nc8 18. Na4 Nd7 19. g4 hxg4 20. hxg4 Be6 21. Bg3 Bd6 22. Kg2 Kg7 23. a3 Bxg3 24. Kxg3 Nd6 25. Nc5 a4 {Kovalenko,I (2684)-Santos Ruiz,M (2604) Prishtina KOS 2025 1-0 (39)}) 11... O-O $146 ({RR} 11... Qxb3 12. Nxb3 h6 13. Bf4 g5 14. Bh2 a5 15. a3 b5 16. f3 O-O 17. Be2 Nb6 18. Nc5 Bxc5 19. dxc5 Nc4 20. Bxc4 bxc4 21. Na4 Rfe8 22. Kf2 Ra7 23. Rac1 Rb7 24. Rhd1 Bd3 25. Rd2 Kg7 26. Rc3 {Kovalenko,I (2657)-Drygalov,S (2446) St Petersburg 2018 ½-½ (54)}) ({RR} 11... h6 12. Bf4 g5 13. Bh2 O-O 14. Be2 Rfe8 15. O-O Nf8 16. Na4 Qa5 17. Rfd1 Ne6 18. Rac1 Bf8 19. Be5 Nd7 20. Bg3 Nb6 21. Nxb6 axb6 22. a3 Nxd4 23. exd4 Rxe2 24. Nf3 f6 25. Bc7 Qb5 26. Qxb5 {Ezat,M (2400)-Tang,A (2522) chess.com INT 2023 0-1 (68)}) 12. Be2 Rfe8 13. O-O a5 14. Na4 Qa7 15. Rfc1 b5 16. Nc5 Nxc5 17. dxc5 Nd7 18. Bxe7 Rxe7 19. g4 Be6 20. Qc3 Qc7 21. Nf3 f6 22. Nd4 Bf7 23. Bf1 Rae8 24. Bg2 Ne5 25. Rd1 Rf8 26. Nf3 Be8 27. Rd4 Nc4 28. Rf4 b4 29. Qd4 Ref7 30. b3 Na3 0-1

[Event "World-ch28 Karpov-Kortschnoj +6-5=21"]
[Site "Baguio City"]
[Date "1978.10.12"]
[Round "31"]
[White "Kortschnoj, Viktor Lvovich"]
[Black "Karpov, Anatoly"]
[Result "1-0"]
[WhiteElo "2665"]
[BlackElo "2725"]
[PlyCount "141"]
[EventDate "1978.07.18"]
[EventType "match"]
[EventRounds "32"]
[EventCountry "PHI"]
[SourceTitle "MainBase"]
[Source "ChessBase"]
[SourceDate "1999.07.01"]
[SourceVersion "2"]
[SourceVersionDate "1999.07.01"]
[SourceQuality "1"]

1. c4 e6 2. Nc3 d5 3. d4 Nf6 4. cxd5 exd5 5. Bg5 Be7 6. e3 O-O 7. Bd3 Nbd7 8. Nf3 Re8 9. Qc2 c6 10. O-O Nf8 11. Bxf6 Bxf6 12. b4 Bg4 13. Nd2 Rc8 14. Bf5 Bxf5 15. Qxf5 Qd7 ({RR} 15... Qd6 16. Rab1 a6 17. a4 Qe6 18. Qxe6 fxe6 19. Nb3 Nd7 20. Nc5 Rc7 21. Nxd7 Rxd7 22. Rfc1 e5 23. dxe5 Bxe5 24. b5 axb5 25. axb5 Bxc3 26. Rxc3 cxb5 27. g3 d4 28. exd4 Rxd4 29. Rxb5 Re7 30. Rcb3 {Manukyan,S (2706)-Badacsonyi,F (2541) Chess.com 2024 ½-½ (97)}) ({RR} 15... Qd6 16. Rab1 Ng6 17. b5 Rcd8 18. bxc6 bxc6 19. Nb3 Nh4 20. Qg4 Ng6 21. Nc5 Rb8 22. Qd7 Qxd7 23. Nxd7 Rxb1 24. Rxb1 Be7 25. Na4 Rd8 26. Rb7 a5 27. Kf1 Bb4 28. Rb8 Rxb8 29. Nxb8 Ne7 30. Ke2 {Fominykh,M (2161)-Kriti,M (1782) chess.com INT 2024 1-0 (56)}) 16. Qxd7 Nxd7 17. a4 Be7 18. Rfb1 $146 ({RR} 18. Rab1 Nf6 19. Rfc1 a6 20. a5 Bd6 21. Na4 Ne4 22. Nxe4 Rxe4 23. Nc5 Re7 24. f3 f5 25. Re1 Rce8 26. g3 g6 27. Kf2 Rf7 28. Re2 Bf8 29. Ke1 Bd6 30. Kd2 Rfe7 31. Kd3 Kf7 32. g4 fxg4 {Doeve,M-Rosemann,U (2030) Germany 1989 ½-½ (38)}) 18... Nf6 19. a5 a6 20. Na4 Bf8 21. Nc5 Re7 22. Kf1 Ne8 23. Ke2 Nd6 24. Kd3 Rce8 25. Re1 g6 26. Re2 f6 27. Rae1 Bh6 28. Ndb3 Bf8 29. Nd2 Bh6 30. h3 Kf7 31. g4 Bf8 32. f3 Rd8 33. Ndb3 Nb5 34. Rf1 Bh6 35. f4 Bf8 36. Nd2 Nd6 37. Rfe1 h6 38. Rf1 Rb8 39. Ra1 Rbe8 40. Rae1 Rb8 41. e4 dxe4+ 42. Ndxe4 Nb5 43. Nc3 Rxe2 44. Rxe2 Bxc5 45. bxc5 Rd8 46. Nxb5 axb5 47. f5 gxf5 48. gxf5 Rg8 49. Kc3 Re8 50. Rd2 Re4 51. Kb4 Ke8 52. a6 bxa6 53. Ka5 Kd7 54. Kb6 b4 55. d5 cxd5 56. Rxd5+ Kc8 57. Rd3 a5 58. Rg3 b3 59. Kc6 Kb8 60. Rxb3+ Ka7 61. Rb7+ Ka6 62. Rb6+ Ka7 63. Kb5 a4 64. Rxf6 Rf4 65. Rxh6 a3 66. Ra6+ Kb8 67. Rxa3 Rxf5 68. Rg3 Rf6 69. Rg8+ Kc7 70. Rg7+ Kc8 71. Rh7 1-0

[Event "Novosibirsk op"]
[Site "Novosibirsk"]
[Date "2001.07.20"]
[Round "2"]
[White "Kovalev, Evgeny"]
[Black "Karpov, Alexander"]
[Result "0-1"]
[WhiteElo "2201"]
[BlackElo "2391"]
[PlyCount "59"]
[EventDate "2001.07.18"]
[EventType "swiss"]
[EventRounds "11"]
[EventCountry "RUS"]
[SourceTitle "CBM 083 Extra"]
[Source "ChessBase"]
[SourceDate "2001.09.11"]
[SourceVersion "1"]
[SourceVersionDate "2001.09.11"]
[SourceQuality "1"]

1. d4 d5 2. c4 e6 3. Nc3 Nf6 4. Nf3 c6 5. cxd5 exd5 6. Qc2 g6 7. Bg5 Be7 8. e3 Bf5 9. Bd3 Bxd3 10. Qxd3 Nbd7 11. O-O O-O 12. Ne5 ({RR} 12. Qc2 Re8 13. Rab1 Ne4 14. Bxe7 Qxe7 15. Nxe4 Qxe4 16. Qxe4 Rxe4 17. Nd2 {½-½ (17) Kuzmin,A (2568)-Vladimirov,Y (2605) Dubai 2002}) 12... Nxe5 13. dxe5 Nd7 14. Bf4 ({RR} 14. Bxe7 Qxe7 15. f4 f6 16. exf6 Nxf6 17. f5 gxf5 18. Rxf5 Ng4 19. Nxd5 cxd5 20. Qxd5+ Kh8 21. Qd4+ Nf6 22. Raf1 Kg7 23. Rg5+ Kh8 24. Rgf5 Kg7 25. Rg5+ {½-½ (25) Kett,T (2204)-Bilguun,S (2459) London 2017}) 14... Rc8 $146 ({RR} 14... f6 15. exf6 Bxf6 16. Rad1 Rf7 17. Bg3 Qe7 {½-½ (17) Ramayrat,C (2245)-Winslow,E (2365) San Francisco 1985}) ({RR} 14... Re8 15. e4 Nc5 16. Qc2 d4 17. Rad1 Qb6 18. Na4 Nxa4 19. Qxa4 c5 20. Bg3 Rac8 21. f4 Qc6 22. Qxc6 Rxc6 23. f5 Bd8 24. e6 fxe6 25. f6 Kf7 26. e5 Bc7 27. b4 cxb4 28. Bf2 Bxe5 29. Bxd4 {Janczarski,M (2328)-Duda,J (2468) Krakow 2012 0-1 (33)}) 15. Rad1 Qb6 16. e4 Nc5 17. Qd4 dxe4 18. Nxe4 Nxe4 19. Qxe4 Qxb2 20. a4 Rcd8 21. Be3 Rxd1 22. Rxd1 Qb3 23. Rb1 Rd8 24. f4 Rd1+ 25. Rxd1 Qxd1+ 26. Kf2 a5 27. f5 Bb4 28. Bh6 gxf5 29. Qxf5 Qe1+ 30. Kf3 0-1

[Event "San Nicolas m"]
[Site "San Nicolas"]
[Date "1994.??.??"]
[Round "2"]
[White "Karpov, Anatoly"]
[Black "Campora, Daniel Hugo"]
[Result "1-0"]
[WhiteElo "2780"]
[BlackElo "2560"]
[PlyCount "77"]
[EventDate "1994.10.??"]
[EventType "match"]
[EventRounds "2"]
[EventCountry "ARG"]
[SourceTitle "EXT 1998"]
[Source "ChessBase"]
[SourceDate "1997.11.17"]
[SourceVersion "1"]
[SourceVersionDate "1997.11.17"]
[SourceQuality "1"]

1. d4 d5 2. c4 e6 3. Nc3 Nf6 4. cxd5 exd5 5. Bg5 Be7 6. e3 O-O 7. Bd3 Nbd7 8. Nf3 c6 9. Qc2 Re8 10. O-O Nf8 11. h3 Be6 12. Bxf6 Bxf6 13. b4 Rc8 14. Na4 Rc7 15. Rac1 Be7 16. Qb1 Bd6 17. b5 Qf6 18. bxc6 bxc6 19. Nh2 Qh4 $146 ({RR} 19... g5 20. Nc5 Bc8 21. Rc3 h5 22. Qd1 Qh6 23. Re1 f5 24. Qc2 Qf6 25. Rc1 g4 26. Na6 Bxa6 27. Bxa6 c5 28. Bb5 Rec8 29. dxc5 Rxc5 30. Rxc5 Rxc5 31. Qb1 Ne6 32. Rxc5 Nxc5 33. hxg4 hxg4 34. Nf1 {Orzechowski,J (2257)-Pinkas,K (2356) Ustron 2002 ½-½ (40)}) 20. Bf5 Qh5 21. Bxe6 Nxe6 22. Nf3 f5 23. Rc3 Nd8 24. Nc5 Bxc5 25. Rxc5 Ne6 26. Rc3 f4 27. e4 h6 28. Re1 Rce7 29. Rxc6 dxe4 30. Rxe4 Qd5 31. Rc3 Qf5 32. Qe1 Qd5 33. Kh1 Qd6 34. Qd2 Ng5 35. Rxe7 Qxe7 36. Qxf4 Qb4 37. Nxg5 hxg5 38. Qd2 g4 39. hxg4 1-0

[Event "Bundesliga 1112"]
[Site "Germany"]
[Date "2012.02.26"]
[Round "11.1"]
[White "Karpov, Anatoly"]
[Black "Kraemer, Martin"]
[Result "1/2-1/2"]
[WhiteElo "2617"]
[BlackElo "2492"]
[PlyCount "156"]
[EventDate "2011.10.14"]
[EventType "team-tourn"]
[EventRounds "15"]
[EventCountry "GER"]
[SourceTitle "CBM 148"]
[Source "ChessBase"]
[SourceDate "2012.05.16"]
[SourceVersion "1"]
[SourceVersionDate "2012.05.16"]
[SourceQuality "1"]
[WhiteTeam "Hockenheim"]
[BlackTeam "Berlin SF"]
[WhiteTeamCountry "GER"]
[BlackTeamCountry "GER"]

1. Nf3 Nf6 2. c4 e6 3. Nc3 d5 4. d4 Be7 5. Bf4 O-O 6. e3 Nbd7 7. Be2 dxc4 8. Bxc4 a6 9. a4 c5 10. O-O cxd4 11. Qxd4 Nb6 12. Bb3 Qxd4 13. Nxd4 Bd7 14. a5 Nbd5 15. Nxd5 Nxd5 16. Be5 Rac8 17. Rfd1 Rfd8 18. Bxd5 $146 ({RR} 18. Nf5 exf5 19. Bxd5 Bc6 20. Bxc6 Rxc6 21. g3 f6 22. Bc3 Rxd1+ 23. Rxd1 Rd6 24. Ra1 Kf7 25. Ra4 g6 26. Kg2 Rd5 27. Rc4 Ke6 28. h3 h5 29. e4 fxe4 30. Rxe4+ Kd7 31. Kf3 {½-½ (31) Kempinski,R (2561)-Senff,M (2446) Germany 2004}) 18... exd5 19. Ne2 f6 20. Bc3 Be6 21. h3 Kf7 22. Rd2 g5 23. f3 Bc5 24. Kf2 Re8 25. Bd4 Bb4 26. Bc3 Bc5 27. Nd4 Bd7 28. Re1 h6 29. Nc2 Bf5 30. Nb4 Bxb4 31. Bxb4 Rc2 32. Rxc2 Bxc2 33. Bc5 Bb3 34. Rc1 Rc8 35. Rc3 Bc4 36. Bd4 Rc6 37. b4 h5 38. g4 Kg6 39. Rc1 f5 40. Rg1 hxg4 41. hxg4 fxg4 42. Rxg4 Kf5 43. Bb6 Rc8 44. Bd4 Rc6 45. Rg1 Rh6 46. Kg3 Rh7 47. Rc1 Ke6 48. Ba7 Rf7 49. Rc2 Bd3 50. Rd2 Bf5 51. Bb6 Rh7 52. Rg2 Rh3+ 53. Kf2 g4 54. fxg4 Be4 55. Rg1 Rh2+ 56. Kg3 Rh1 57. Rxh1 Bxh1 58. Kf2 Be4 59. Ke2 Kf6 60. Bd8+ Ke5 61. Bc7+ Kf6 62. Bf4 Ke6 63. Bh6 Bg6 64. Bg7 Kf7 65. Bh8 Be4 66. Be5 Ke6 67. Bf4 Bg2 68. Kd3 Bf3 69. g5 Kf5 70. Kd4 Be4 71. Kc5 Kg6 72. Kb6 Kf5 73. Bg3 d4 74. exd4 Kxg5 75. Kc5 Kf6 76. Kd6 Kf7 77. d5 Bf3 78. Bh4 Bg2 1/2-1/2

[Event "Rubinstein Memorial 35th"]
[Site "Polanica Zdroj"]
[Date "1998.08.18"]
[Round "2"]
[White "Gelfand, Boris"]
[Black "Karpov, Anatoly"]
[Result "1/2-1/2"]
[WhiteElo "2675"]
[BlackElo "2725"]
[PlyCount "49"]
[EventDate "1998.08.17"]
[EventType "tourn"]
[EventRounds "11"]
[EventCountry "POL"]
[EventCategory "17"]
[SourceTitle "CBM 067"]
[Source "ChessBase"]
[SourceDate "1998.11.30"]
[SourceVersion "2"]
[SourceVersionDate "1998.11.01"]
[SourceQuality "1"]

1. Nf3 Nf6 2. c4 e6 3. Nc3 d5 4. d4 Be7 5. Bf4 O-O 6. e3 c5 7. dxc5 Bxc5 8. a3 Nc6 9. Rc1 dxc4 10. Bxc4 Nh5 ({RR} 10... Qxd1+ 11. Kxd1 Bd7 12. Ke2 Rfd8 13. Rhd1 Ne7 14. Nb5 Ned5 15. Bxd5 Bxb5+ 16. Bc4 Rxd1 17. Kxd1 Bxc4 18. Rxc4 Bb6 19. Ke2 Nd5 20. Be5 f6 21. Bd4 Bd8 22. b3 {½-½ (22) Gelfand,B (2691)-Kramnik,V (2751) Monte Carlo 1999}) 11. Qxd8 Rxd8 12. Bg5 Be7 13. Bxe7 $146 ({RR} 13. O-O Bd7 14. Rfd1 Be8 15. Ne4 Kf8 16. b4 Rxd1+ 17. Rxd1 Rd8 18. Rxd8 Nxd8 19. Kf1 h6 20. Bxe7+ Kxe7 21. Ke2 Nf6 22. Nc5 Bc6 23. b5 Bxf3+ 24. gxf3 Nd7 25. Nd3 Kd6 26. f4 Nc5 27. Nb2 Kc7 {Checa,N (2053)-Andretta,C ICC INT 2013 ½-½ (85)}) 13... Nxe7 14. g4 Nf6 15. g5 Nfd5 16. Bxd5 Nxd5 17. Rd1 Bd7 18. Nxd5 exd5 19. Nd4 Rac8 20. Kd2 Kf8 21. Rc1 Ke7 22. Rhg1 Rxc1 23. Rxc1 Kd6 24. Rg1 g6 25. h4 1/2-1/2